Statistiques concernant Les 20 plus gros transferts de l'histoire de la Liga.

Cliquez ici pour prendre le quiz!

Statistiques générales

  • Ce quiz a été pris 218 fois
  • Le résultat moyen est 17 sur 20

Statistiques - réponses

SaisonJoueurPrixClub
Acheteur
Nationalité% Correct
2009/10Cristiano Ronaldo94MRealPortugal
97%
2019/20Antoine Griezmann120MBarcaFrance
96%
2019/20Eden Hazard115MRealBelgique
95%
2013/14Gareth Bale101MRealPays de Galles
95%
2017/18Ousmane Dembele135MBarcaFrance
95%
2013/14Neymar88MBarcaBresil
94%
2014/15Luis Suarez81.7MBarcaUruguay
92%
2001/02Zinedine Zidane77.5MRealFrance
92%
2009/10Zlatan Ibrahimovic69.5MBarcaSuede
92%
2022/23Aurelien Tchouameni80MRealFrance
91%
2023/24Jude Bellingham103MRealAngleterre
91%
2019/20Frenkie De Jong86MBarcaPays-Bas
89%
2014/15James Rodriguez75MRealColombie
86%
2019/20Joao Felix127MAtleticoPortugal
86%
2017/18Philippe Coutinho135MBarcaBresil
86%
2018/19Thomas Lemar72MAtleticoFrance
82%
2020/21Miralem Pjanic60MBarcaBosnie
79%
2019/20Luka Jovic63MRealSerbie
77%
2009/10Kaka67MRealBresil
57%
2017/18Diego Costa60MAtleticoEspagne
34%

Distribution des résultats

Percentile par nombre de réponses

% des personnes avec chaque résultat

Votre développement - résultats

Vous n’avez pas pris ce quiz